000 00896cab a2200217 4500
001 WB3122-49
008 090401t1995 xxu||||| |||| 00| 0 eng d
035 _a(Sirsi) u70755
041 _aeng
245 _aNegligent valuation
260 _c1995
350 _a0
490 _aEstates Gazette Case Summaries
_v(1995) EGCS 90(1) (3/6/95)
520 _a"MAES ECP No 1 plc v Stimson" QBD 15 May 1995. The finance company, having had to repossess and sell a property at a loss, claimed that the surveyors open market valuation was negligent. Held that the surveyor had competently valued the property, seeking comparables to confirm his valuation and not including any hope value or change of use.
650 _aMORTGAGE VALUATION
650 _aNEGLIGENCE
650 _aOVERVALUATION
690 _aMANAGEMENT-BUSINESS MANAGEMENT-PROFESSIONAL PRACTICE
942 _n0
948 _c04/03/1997
999 _c44548
_d44548